| 000 | 00716nam a2200205 a 4500 | ||
|---|---|---|---|
| 003 | 0 | ||
| 005 | 20250310120031.0 | ||
| 008 | 090709s19uu xx 00 eng d | ||
| 050 |
_aPHS SB 950 _b.J54 2009 |
||
| 100 | _aJeong, Ji Won. | ||
| 245 |
_aAsh as an alternative fertilizer for tomato (Solanum lycopersicum) plants / _cJi Won Jeong. |
||
| 260 |
_aLas PiƱas City, Philippines : _bSouthville International School and Colleges, _c2009. |
||
| 300 |
_a32 pages : _billustrations ; _c28 cm. |
||
| 504 | _aIncludes bibliographical references. | ||
| 650 | _aAshes as fertilizer. | ||
| 650 |
_aFertilizers _xAlternative uses. |
||
| 650 |
_aTomatoes _xFertilization. |
||
| 650 | _aSoil fertility. | ||
| 942 |
_2lcc _cPASS |
||
| 999 |
_c98246 _d98246 |
||